00684 2200277 4500001002100000005001500021035002000036008004100056245006100097100002700158250000600185260003200191300002900223020002200252084001400274082000800288650001400296990001200310990001200322990001200334990001200346990001200358990001200370990001200382990001200394INLIS00000000000002520240430025509 a0010-0424000001240430 0 ind 1 aSeni Budaya Kelas XI Semester 1 /cSem Cornelyoes Bangun aCornelyoes Bangun, Sem a1 aJakarta :bKEMDIKBUD,c2017 a200 hlm ;c17 cm x 25 cm a978-602-427-142-8 a700 SEM s a700 4aNon Fiksi a0737559 a0737560 a0737561 a0737562 a0737563 a0737564 a0737565 a0737566